[Event "18th Reykjavik op"]
[Site "Reykjavik ISL"]
[Date "1998.03.11"]
[Round "2.2"]
[White "Thorhallsson, Throestur"]
[Black "Nijboer, Friso"]
[Result "1/2-1/2"]
[WhiteElo "2480"]
[BlackElo "2580"]
[EventDate "1998.03.10"]
[PlyCount "88"]

1.e4 {Finkel,A} 1...c5 2.Nc3 e6 3.f4 d5 4.Nf3 Nf6 5.e5 Nfd7 6.d4 Nc6 7.Be3
a6 8.Qd2 b5 9.dxc5 Bxc5 10.Bxc5 Nxc5 11.Qf2 Qb6 12.Bd3 b4 13.Ne2 a5 14.O-O
Ba6 15.Kh1 Ne7 ( 15...h6 {Finkel,A} 16.Rad1 ( 16.f5 exf5 17.Nf4 Ne7 18.
Rae1 Qc7 19.e6 O-O 20.exf7+ Rxf7 21.Ne5 Rf6 22.Qg3 $40 {
Arakhamia,K-Voiska,M/Azov iztW (04) ,TD 92\07 1990 (49)} ) 16...O-O 17.f5 
exf5 18.Nf4 Na4 19.Qg3 Ne7 20.Nh4 Nxb2 21.Nh5 $44 {
Mainka,Romuald-Lalic,Bogdan/Bad Mergentheim GER op 1988 (40)} ) ( 15...
Bxd3 {Finkel,A} 16.cxd3 {i i ac1} 16...Rb8 ( 16...Qb5 17.f5 Nxd3 18.Qg3 
Nxb2 19.Qxg7 O-O-O 20.Nf4 $16 {Maxion,D-Marschner,J/2.BLN 9091 
Lasker-Kreuzberg [6] 1990 (45)} ) ( 16...Nd7 17.Rac1 Qa6 18.Ned4 $14 {
Pasko,W-Spendowski/cr POL cup 1995 (39)} ) 17.Rad1 $1 ( 17.f5 $2 exf5 $1 (
17...Nxd3 18.Qg3 Qe3 ( 18...g6 19.fxe6 fxe6 20.Ng5 $16 ) 19.Qxg7 Rf8 20.
Ng3 ( 20.Ng5 Qxe5 21.Qxe5 Ncxe5 22.fxe6 $13 ) 20...Nf2+ ( 20...Ncxe5 21.
Rae1 $16 ) 21.Rxf2 Qxf2 22.Rf1 $13 ) 18.Nf4 ( 18.Nh4 g6 19.Nxf5 gxf5 20.
Qxf5 Nd8 $17 ) ( 18.Ng3 Ne7 ) 18...Ne6 $1 ( 18...Ne7 19.Qh4 $1 $13 ) 19.
Qg3 ( 19.Qxb6 Rxb6 20.Nxd5 Rb5 $17 ) 19...O-O ( 19...Nxf4 20.Qxf4 $10 ) 
20.Nxd5 Qd8 $17 {Nunn,J-Nogueiras,J/Rotterdam 47/351 1989 (60)} ) 17...O-O
18.Qh4 f6 $5 ( 18...b3 19.a3 Na4 ( 19...Qa6 20.Qe1 Nxd3 21.Qc3 ) 20.f5 
Nxb2 21.Rd2 $16 ) 19.Ng3 Ne7 $2 ( 19...fxe5 20.fxe5 Rb7 $14 ) ( 19...Rb7 
$5 ) ( 19...Qb5 20.exf6 Rxf6 21.Nh5 Rh6 22.Ne5 Nxe5 23.fxe5 Nxd3 24.Qe7 
Qb7 25.Rf8+ Rxf8 26.Qxb7 Rxh5 27.Kg1 Nxe5 $14 ) ( 19...Rb7 20.d4 Na4 21.
Qh3 Re7 22.Rd2 $14 {Klugel-Wurth/Ft 203-A 1993 (34)} ) 20.exf6 $1 Ng6 ( 
20...gxf6 21.f5 $16 {i} 21...e5 $2 22.Nxe5 $18 ) ( 20...Rxf6 21.Nh5 Rf7 
22.Ne5 $16 ) 21.Qg4 Rxf6 ( 21...gxf6 22.f5 $16 ) 22.Nh5 Rf7 {
Mokry,K-Bruk,O/Haifa 48/390 1989 (42)} ( 22...Rf5 $2 23.Nh4 $18 ) 23.Ng5 
$1 ) ( 15...Nd7 {Finkel,A} 16.Ned4 Nxd4 17.Nxd4 Bxd3 18.cxd3 O-O 19.Qe3 
Rac8 20.Rae1 f6 ( 20...Rfe8 $5 ) 21.exf6 Rxf6 22.g3 $14 {
Herrera,I-Gomez,A/Bayamo (01) ,CBM 18 1990 (59)} ) ( 15...Rb8 {Finkel,A} 
16.Bxa6 ( 16.Qg3 g6 17.Ng5 Ne7 18.Qh3 h5 19.Rae1 Nxd3 20.cxd3 Nf5 $15 {
Leko,P-Galyas,M/WYFWC Szeged B16(2) 1994 (52)} ) 16...Nxa6 17.Qg3 g6 ( 
17...Kf8 $2 18.Rad1 Ne7 19.Nfd4 $16 {Zehm,W-Herrmann,K/WT/M\504 9092 CCYB 
7 1991 (27)} ) ( 17...O-O 18.Qh3 Nc5 19.Ng3 f5 20.exf6 Rxf6 21.Nh5 Rh6 22.
f5 $16 {Zelcic,R-Kovacevic,B/Djakovo op (06) ,EXT 94op 1994 (41)} ) 18.f5 
exf5 19.Nf4 Ne7 20.Qh4 Nc5 21.Qf6 Qxf6 22.exf6 Ng8 {E-E 
Muller,Karsten-Bezold,Michael/Munster A chy-D (07) 1990} ) ( 15...g6 {
Finkel,A} 16.Rac1 Na4 17.Qh4 Qd8 18.Qh6 Qe7 19.Qg7 Qf8 20.Qf6 Nc5 21.Bxa6 
Rxa6 22.c4 $16 {Lipka,J-Tibensky,R/Bratislava op (05) ,EXT 92op 1992 (35)}
) ( 15...O-O {Finkel,A} 16.Bxa6 Rxa6 17.Rad1 Rc8 18.Qe3 $13 {
Rebel-Genius2/3/94-45 Autoplayer T 1994 (32)} ) 16.Bxa6 {White has tried 
many different moves in this position,but on my opinion no one of them 
shows the way to opening advantage.The move in the game is not an 
exeption.} ( 16.Nd2 $5 Rb8 $6 ( 16...O-O $1 {Finkel,A} 17.Nb3 ( 17.a3 Bxd3
18.cxd3 Qb5 $1 $15 ) ( 17.Bxa6 Rxa6 18.a3 Rc8 19.Nd4 bxa3 20.bxa3 $11 ) 
17...Rfc8 18.Bxa6 Rxa6 19.Nbd4 Ne4 20.Qe3 a4 $13 ) 17.Bxa6 Nxa6 18.Nd4 $14
Nc5 ( 18...O-O {Finkel,A} 19.N2f3 Nc5 20.Qh4 Ng6 21.Qg4 a4 22.h4 $36 ) 19.
Rae1 Nc6 $6 20.f5 $1 $36 Nxd4 21.Qxd4 $16 {Socko,B-Haimovich,T/EUCup f 
1997 (60)} ) ( 16.h3 {Finkel,A} 16...h6 17.Rad1 O-O 18.g4 Na4 19.Qxb6 Nxb6
20.b3 Nd7 21.Kh2 Rfc8 22.Ned4 $14 {Nijboer,F-Kuijf,M/NLD-ch/1996 i CBM 
54-14.00 ia6 15.ih1/Survey 1996} ) ( 16.Rad1 {Finkel,A} 16...Na4 ( 16...
Rc8 17.Ng3 h5 18.Ne2 Qb7 19.Ned4 Ne4 20.Qe2 Bc4 $6 21.Ng5 Nxg5 22.fxg5 $16
{Zakic,S-Certic,B/Belgrade-A (01) ,EXT 90 1990 (51)} ) 17.Qxb6 Nxb6 18.
Ned4 ( 18.b3 Nd7 19.Kg1 Nc5 $10 {Riemersma,L-Glek,I/Bussum(4) 1995 (47)} )
18...Na4 19.Rb1 O-O 20.Kg1 Rfc8 21.Kf2 Rc7 22.g4 g6 23.Ke3 $14 {
Nunn,J-Glek,I/BL 9293 (1992) ,BL 90 1993 (45)} ) ( 16.Rac1 {Finkel,A} 
16...Rc8 17.f5 $5 ( 17.Bxa6 Qxa6 18.Ng3 g6 19.Nd4 Nd7 20.Qd2 O-O 21.c3 
bxc3 22.Rxc3 Nb6 23.Rfc1 Rxc3 24.Rxc3 Rc8 25.b3 a4 26.Rxc8+ Qxc8 {i 
Arppi,H-Callens,P/cr 1992} ) 17...exf5 18.Nh4 g6 ( 18...Bxd3 19.cxd3 O-O 
20.Nxf5 Nxf5 21.Qxf5 Qg6 22.Nd4 $16 ) 19.g4 d4 ( 19...Qb7 $2 20.Bxa6 Qxa6 
21.gxf5 $16 {Lau,R-Bykhovsky,Av/Copenhagen 55/(286) 1992} ) 20.Bxa6 Qxa6 
21.gxf5 Ne4 22.Qg2 Nd2 $13 {Elburg,J-Rydholm,L/cr K.Betinsch ,CYB 14 1994 
(40)} ) ( 16.Ng3 {Finkel,A} 16...g6 ( 16...Na4 $5 17.Qxb6 $5 ( 17.Nd4 $6 
g6 18.Rae1 $5 Nxb2 19.Bxa6 Rxa6 20.f5 $1 exf5 $2 21.e6 $44 {P.Blatny-Glek,
Wien op (8) 1996} ) 17...Nxb6 18.Nd4 g6 19.Bxa6 Rxa6 20.a3 bxa3 21.Rxa3 ( 
21.b3 $5 O-O 22.Rxa3 Rc8 23.Rfa1 Nc6 24.Nge2 $14 {
Brustman,A-Bobrowska,M/Polish Team-ch, Krynica POL 1997 (49)} ) 21...Kd7 
22.Rfa1 a4 23.Nge2 Rc8 24.Kg1 Nc6 25.Nxc6 Rxc6 $11 {Votava,J-Glek,I/BL9697
1997 (40)} ) 17.Ne2 Rb8 ( 17...Na4 $5 18.Qxb6 Nxb6 19.Ned4 O-O 20.a3 $6 ( 
20.Bxa6 $1 Rxa6 21.a3 $14 ) 20...Bxd3 21.cxd3 Na4 22.b3 Nc5 $15 {
Werner,I-Bobrowska,M/EuJun (girls), Tallinn EST 1997 (48)} ) 18.Bxa6 Nxa6 
19.Ned4 Nc5 20.Qh4 Ne4 21.Rad1 h6 22.Ng5 $16 {Lutz,Christopher-Glek,Igor 
V/BL 1995/96 GER 1995 (47)} ) ( 16.b3 {Finkel,A} 16...h6 17.Ng3 ( 17.a3 
bxa3 18.Rxa3 $6 Qb4 {iid3/} ) ( 17.Rad1 O-O 18.g4 d4 19.Bxa6 Qxa6 20.Rxd4 
$16 {Kuczynski,R-Schmidt,Wl/POL-chT Lubniewice (02) ,EXT 95ch 1995 (41)} )
17...g6 18.Qd2 $6 ( 18.Ne2 $32 Nf5 ) 18...Nf5 $1 19.Nxf5 gxf5 $17 {
Renet,O-Glek,I/FRA-GER Clichy ,CBM 50 1995 (52)} ) ( 16.Rfd1 {Finkel,A} 
16...h6 $1 ( 16...Na4 $6 17.Qxb6 Nxb6 18.b3 {ia3!/} ) 17.Ned4 O-O 18.Qh4 
$6 ( 18.Nb3 $32 $10 ) 18...Ra7 $1 19.g4 $6 ( 19.Qe1 $15 ) 19...Ng6 $17 {
Mainka,R-Glek,I/Recklinghausen ,CBM 50 1995 (32)} ) 16...Rxa6 17.Ned4 Ne4 
18.Qe3 g6 $5 $13 ( {Another possibility was} 18...O-O $5 19.Rad1 $6 ( 19.
Nd2 $6 Nc6 20.Nxe4 $2 Nxd4 21.Ng5 h6 ( 21...Nxc2 $2 22.Qd3 $18 ) 22.Rad1 
Nf5 $1 23.Qxb6 Rxb6 24.Nf3 Ne3 $19 ) ( 19.Rae1 $5 ) 19...a4 20.Nd2 ( 20.a3
$6 Rb8 21.Nd2 Nxd2 22.Rxd2 bxa3 23.bxa3 Qa5 $15 {[%csl Ra3][%cal 
Ga6b6,Gb8c8,Ga5c3]} ) ( 20.Rd3 $6 a3 $1 21.bxa3 Nc5 $1 22.Rd2 Rxa3 $17 ) 
20...Nxd2 21.Rxd2 a3 22.b3 Rc8 ) 19.Rad1 Nc6 20.Ng5 $5 {Without the 
knights white's attack won't be very dangerous,but it's not so simple to 
offer something better.} 20...Nxg5 21.fxg5 Nxd4 22.Rxd4 Ra7 $6 {It was 
more accurate to play} ( 22...Qc7 $1 {[%cal Gc7e5,Gc7c2]} 23.Rdf4 O-O {
with forthcoming i c6-c4.} ) 23.Qd3 Rc7 24.Rdf4 O-O 25.h4 Rc5 26.h5 Qc7 
27.Qf3 ( 27.hxg6 hxg6 28.Rf6 $6 Qxe5 29.Qxg6+ fxg6 30.Rxf8+ Kh7 31.R8f7+ 
Qg7 32.Rxg7+ Kxg7 33.Rf2 Rc4 $17 ) 27...Rc4 ( 27...gxh5 $2 28.Qxh5 Rc4 ( 
28...Qxe5 $2 29.Rxf7 $18 ) 29.R4f3 Rxc2 30.Rh3 f5 31.gxf6 $16 ) ( 27...
Rxc2 $1 28.hxg6 ( 28.h6 Qe7 ) 28...hxg6 29.Rf6 Qe7 ) 28.hxg6 hxg6 29.Rf6 {
[%cal Gf6g6,Gf3f8]} 29...Rh4+ ( 29...Kg7 $2 30.Rxg6+ $3 Kxg6 31.Qf6+ Kh7 
32.Qh6+ Kg8 33.g6 {[%cal Gf1f8]} 33...Rh4+ $8 34.Qxh4 fxg6 35.Rxf8+ Kxf8 
36.Qh8+ $16 ) ( 29...Qe7 $5 ) 30.Kg1 Qe7 31.Qg3 Rh7 32.Qf4 Qc5+ 33.Rf2 Rg7
34.b3 Qa7 35.Kf1 Qa6+ 36.Kg1 Qa7 37.Kf1 Qb6 38.Rf3 Qb5+ 39.Ke1 Qd7 40.Rh3 
Rh7 41.Rxh7 ( 41.Rh6 $1 {[%cal Gh6g6,Gf4f8]} 41...Rxh6 42.gxh6 Qc7 43.Kd1 
Qc3 44.h7+ Kxh7 ( 44...Kg7 45.h8=Q+ Kxh8 46.Rxg6 fxg6 47.Qxf8+ Kh7 48.Qe7+
Kh6 {44...ih7} ) 45.Rxf7+ Rxf7 46.Qxf7+ Kh6 47.Qxe6 Qd4+ 48.Ke2 Qe4+ 49.
Kf1 Qf4+ 50.Kg1 Qc1+ 51.Kh2 Qxc2 ( 51...Qf4+ 52.Kh3 Qe3+ 53.g3 Qe4 54.Qf6 
$1 $16 ) 52.Qxd5 Qxa2 53.e6 $14 ) 41...Kxh7 42.Qh4+ Kg8 43.Rf3 Qc7 44.Qh2 
$1 $11 {[%csl Re5,Rg8][%cal Gg3h3,Gh3h8]} 44...Qxc2 1/2-1/2

[Event "18th Reykjavik op"]
[Site "Reykjavik ISL"]
[Date "1998.03.11"]
[Round "2.4"]
[White "Christiansen, Larry"]
[Black "Ward, Christopher"]
[Result "1-0"]
[WhiteElo "2575"]
[BlackElo "2480"]
[EventDate "1998.03.10"]
[PlyCount "81"]

1.e4 c5 2.Nc3 d6 3.f4 g6 4.Nf3 Bg7 5.Bc4 Nc6 6.O-O e6 7.d3 Nge7 8.Qe1 h6 
9.a3 $5 $146 O-O 10.Ba2 Nd4 {Der Nachteil der von Wei@eil gewaehlten 
Variante besteht in der Schwaeche des Punktes d4.} 11.Qf2 $5 {Ein neuer 
Plan. Wei@ beabsichtigt den Springer auf d4 zu vertreiben, anstatt zu 
tauschen.} ( 11.Nxd4 {ist die uebliche Fortzetzung.} 11...cxd4 $1 ) 11...
Kh7 ( 11...Nxf3+ 12.Qxf3 Nc6 13.Be3 Nd4 14.Qf2 a6 15.Rae1 b5 16.Nd1 $14 ) 
12.Be3 Nec6 13.Kh1 Bd7 14.Rae1 {Es wird geplant 14.i d1 und 15.c3!} 14...
f5 ( 14...b5 15.Nd1 b4 $5 16.axb4 $5 Nxf3 17.Qxf3 Nxb4 18.Bb1 $13 ) 15.
exf5 gxf5 ( 15...Nxf5 16.Bc1 {[%cal Ya2e6,Ye1e6]} 16...Ncd4 17.Ne4 Bc6 18.
c3 Nxf3 19.Qxf3 $36 ) 16.Nd1 $1 {i17.c3} 16...Nxf3 17.Qxf3 Qf6 18.Bf2 $5 {
[%cal Ye1e6] ii e3, ii h3,ih4} 18...Rg8 19.c3 $14 {Wei@h4 steht nun 
wesentlich aktiver.} 19...Rae8 20.Qh3 Bf8 21.Ne3 Rg6 22.Bb3 $1 {iid1-h5} 
22...Be7 23.Bd1 Reg8 24.Bh5 R6g7 25.Re2 Nd8 {iic6} 26.Bf3 Bc6 27.Rfe1 ( 
27.Bxc6 Nxc6 28.Rfe1 Qg6 29.Qf3 $13 ) 27...Bxf3 $6 28.Qxf3 d5 29.d4 $1 $36
{[%csl Ye6]} 29...cxd4 ( 29...c4 30.h3 $5 b5 31.g4 $5 fxg4 ( 31...Bd6 32.
gxf5 ) 32.Nxg4 Qf8 33.Rxe6 $5 Nxe6 34.Rxe6 $14 ) ( 29...Bf8 $2 30.dxc5 $16
Bxc5 $2 31.Nxd5 $18 ) 30.Nxd5 $1 exd5 31.Bxd4 $16 Qd6 32.Bxg7 Rxg7 33.Re5 
Qf6 34.Qxd5 Nc6 $2 ( 34...Rf7 $142 $16 ) 35.Rxf5 Qh4 36.Re6 $18 Bd8 37.Rh5
Qxf4 38.Qd3+ Kg8 39.Rf5 Qg4 40.Re8+ Kh7 41.Rg5+ 1-0

[Event "18th Reykjavik op"]
[Site "Reykjavik ISL"]
[Date "1998.03.11"]
[Round "2.5"]
[White "Westerinen, Heikki"]
[Black "Agdestein, Simen"]
[Result "1-0"]
[WhiteElo "2410"]
[BlackElo "2570"]
[EventDate "1998.03.10"]
[PlyCount "87"]

1.e4 e6 2.d4 d5 3.exd5 exd5 4.Bf4 Nf6 5.Nf3 Be7 6.Bd3 O-O 7.h3 c5 8.c3 Nc6
9.dxc5 Bxc5 10.O-O Ne4 11.Nbd2 Bf5 12.Qc2 Re8 13.Rae1 Qe7 14.Re2 Bg6 15.
Rfe1 f5 16.Nb3 Bb6 17.Nbd4 Qf6 18.Nxc6 bxc6 19.c4 h6 20.b4 Bh5 21.c5 Bd8 
22.Qb2 Qxb2 23.Rxb2 Bf6 24.Rc2 Kf7 25.b5 Bxf3 26.gxf3 Ng5 27.Rxe8 Nxf3+ 
28.Kg2 Nh4+ 29.Kf1 Rxe8 30.bxc6 Ng6 31.Bd6 Ne5 32.Bxf5 Nxc6 33.Bd7 Nb4 34.
Bxe8+ Kxe8 35.Re2+ Kd7 36.a3 Nc6 37.Rd2 d4 38.Ke2 Ke6 39.Kd3 Kd5 40.f4 Na5
41.Rc2 Nb7 42.Bf8 Nd8 43.c6 Ne6 44.c7 1-0

[Event "18th Reykjavik op"]
[Site "Reykjavik ISL"]
[Date "1998.03.11"]
[Round "2.6"]
[White "Gunnarsson, Jon Viktor"]
[Black "Gausel, Einar"]
[Result "1/2-1/2"]
[WhiteElo "2390"]
[BlackElo "2555"]
[EventDate "1998.03.10"]
[PlyCount "98"]

1.e4 e5 2.Nf3 Nc6 3.Bc4 Nf6 4.d3 Be7 5.O-O O-O 6.c3 d6 7.Bb3 Nd7 8.Re1 Bf6
9.Nbd2 Nc5 10.Bc2 Ne6 11.Nf1 Kh8 12.Ng3 g6 13.b4 a6 14.a3 Bg7 15.Bb2 Ng5 
16.Nxg5 Qxg5 17.d4 f5 18.exf5 gxf5 19.Nh5 f4 20.Nxg7 Qxg7 21.f3 Bf5 22.Re2
exd4 23.cxd4 d5 24.Kh1 Ne7 25.Bc1 Bxc2 26.Qxc2 Ng6 27.Bd2 Rae8 28.Rae1 
Rxe2 29.Rxe2 c6 30.Qc5 Qf6 31.a4 Qf5 32.Qc3 Rf7 33.Bc1 Kg7 34.Qc2 Qxc2 35.
Rxc2 Re7 36.Kg1 Kf6 37.Kf2 h5 38.g3 Kf5 39.a5 Re6 40.Bxf4 Nxf4 41.gxf4 Re7
42.Re2 Rh7 43.Re5+ Kf6 44.h4 b6 45.f5 bxa5 46.bxa5 Rb7 47.Re6+ Kxf5 48.
Rxc6 Rb3 49.Rxa6 Rxf3+ 1/2-1/2

[Event "18th Reykjavik op"]
[Site "Reykjavik ISL"]
[Date "1998.03.11"]
[Round "2.7"]
[White "Vidarsson, Jon"]
[Black "Rausis, Igors"]
[Result "1/2-1/2"]
[WhiteElo "2380"]
[BlackElo "2520"]
[EventDate "1998.03.10"]
[PlyCount "102"]

1.e4 c5 2.Nf3 d6 3.Bb5+ Bd7 4.Qe2 Nf6 5.Nc3 Nc6 6.O-O e5 7.d3 Be7 8.a3 O-O
9.Bxc6 bxc6 10.b4 cxb4 11.axb4 a5 12.bxa5 Rxa5 13.Bd2 Rxa1 14.Rxa1 Qb8 15.
Qd1 h6 16.Qc1 Bg4 17.Qa3 Bxf3 18.gxf3 Nh5 19.Qa6 Qd8 20.Ne2 Bg5 21.Be3 Qf6
22.Kg2 d5 23.exd5 Bxe3 24.fxe3 Qg5+ 25.Kf2 cxd5 26.Qc6 d4 27.exd4 Nf4 28.
Nxf4 Qxf4 29.Kg2 Qg5+ 30.Kf1 exd4 31.Ra8 Qc1+ 32.Kg2 Qd2+ 33.Kg3 Qg5+ 34.
Kf2 Qe3+ 35.Kg2 g6 36.Rxf8+ Kxf8 37.Qa8+ Kg7 38.Qe4 Qxe4 39.dxe4 $8 {[#] 
The capture with the f-pawn loses, because the lone pawn majority on the 
queenside is blockaded and cannot be activated in time. [#] Das Nehmen mit
dem f-Bauern verliert, weil die eigene Bauernmehrheit am Damenfluegel 
blockiert ist und nicht rechtzeitig aktiviert werden kann.} ( 39.fxe4 g5 
40.Kf3 h5 41.Ke2 g4 42.Kd2 h4 43.c4 g3 44.hxg3 h3 $19 ) 39...g5 40.Kg3 h5 
41.f4 ( 41.h4 f6 42.hxg5 fxg5 43.f4 {loses due to the appearance of an 
outside black passed pawn: verliert wegen des Entstehens eines entfernten 
schwarzen Freibauern.} ( 43.Kh3 Kf6 44.Kg2 Ke5 45.Kg3 h4+ 46.Kg4 Kf6 47.f4
( 47.Kh3 Ke6 48.Kg4 Ke5 49.Kh3 Kf4 50.Kg2 h3+ 51.Kxh3 Kxf3 52.e5 g4+ 53.
Kh4 g3 54.e6 g2 55.e7 g1=Q 56.e8=Q Qg4# ) 47...gxf4 48.Kxf4 h3 49.Kg3 Ke5 
50.Kxh3 Kxe4 51.Kg4 Ke3 52.Kf5 Kd2 53.Ke4 Kc3 54.Kd5 $11 ) 43...gxf4+ 44.
Kxf4 Kf6 45.e5+ Ke6 46.Ke4 h4 47.Kf4 h3 48.Kg3 Kxe5 49.Kxh3 Kf4 $1 $19 {
combines the stalking of the c2-pawn with the exclusion of White's king. 
verbindet das Anpirschen an den Bc2 mit dem Fernhalten des wei@alten en 
K@@alten nigs.} ) 41...f6 42.Kf3 Kf7 43.Ke2 g4 44.h4 ( 44.Kd3 $6 h4 45.Ke2
( 45.Kxd4 g3 46.hxg3 h3 $19 ) 45...Ke6 {[%csl Rc2][%cal 
Ye6d6,Yd6c5,Yc5c4,Yc4c3]} 46.Kf2 Kd6 47.Ke2 Kc5 48.Kf2 Kc4 49.Ke2 {[#] 
Variation Diagram: It appears that White can just hold the draw. The 
following variation doesn't yield anything else. [#] Variantendiagramm Es 
sieht danach aus, als wuerde Wei@e gerade Remis halten. Die nachstehende 
Variante gibt nichts anderes her.} 49...Kc3 50.e5 fxe5 51.fxe5 Kxc2 52.e6 
d3+ 53.Kf2 d2 54.e7 d1=Q 55.e8=Q Qf3+ 56.Kg1 $11 ) 44...gxh3 45.Kf2 h4 46.
Kg1 Kg6 47.Kh2 Kh6 48.Kxh3 Kh5 49.e5 fxe5 50.fxe5 Kg5 51.e6 Kf6 1/2-1/2

[Event "18th Reykjavik op"]
[Site "Reykjavik ISL"]
[Date "1998.03.11"]
[Round "2.8"]
[White "Davies, Nigel"]
[Black "Ivanov, Mikhail M."]
[Result "1/2-1/2"]
[WhiteElo "2515"]
[BlackElo "2440"]
[EventDate "1998.03.10"]
[PlyCount "35"]

1.d4 Nf6 2.Nf3 g6 3.g3 Bg7 4.Bg2 O-O 5.O-O d6 6.Re1 c5 7.c3 Bf5 8.Nbd2 
cxd4 9.Nxd4 Bc8 10.a4 Nbd7 11.a5 a6 12.e4 Ne5 13.Qe2 Bd7 14.f4 Nc6 15.Nxc6
Bxc6 16.Nb3 e5 17.fxe5 dxe5 18.Be3 1/2-1/2

[Event "18th Reykjavik op"]
[Site "Reykjavik ISL"]
[Date "1998.03.11"]
[Round "2.9"]
[White "Dewenter, Ulf"]
[Black "Djurhuus, Rune"]
[Result "0-1"]
[WhiteElo "2245"]
[BlackElo "2510"]
[EventDate "1998.03.10"]
[PlyCount "126"]

1.e4 c5 2.Nf3 Nc6 3.d4 cxd4 4.Nxd4 g6 5.c4 Bg7 6.Be3 Nf6 7.Nc3 Ng4 8.Qxg4 
Nxd4 9.Qd1 e5 10.Bd3 O-O 11.O-O b6 12.Rc1 ( 12.a4 d6 ( 12...Bb7 13.a5 bxa5
( 13...f5 14.f3 bxa5 $5 ( 14...Qh4 15.b4 Bh6 16.Bf2 Qg5 17.a6 ( 17.f4 $5 
$16 ) 17...Bc8 ( 17...Bc6 18.b5 ( 18.f4 $5 ) 18...fxe4 19.Nxe4 ( 19.fxe4 
Nf3+ 20.Kh1 Nd2 21.Qe2 Nxf1 22.Rxf1 Qd2 23.Qxd2 Bxd2 24.Nd1 Rac8 25.bxc6 
dxc6 $132 ) 19...Bxe4 ( 19...Nxf3+ 20.Kh1 Bxe4 21.Bxe4 Nd2 22.Bxa8 Rxa8 
23.Re1 $16 ) 20.Bxe4 Rac8 21.Bxd4 exd4 22.Qxd4 $16 ) 18.f4 $18 {
Waitzkin,J-Shure,G/New York MCC 1992/1-0 (57)} ) ) 14.Qa4 Nc6 $44 ) 13.Nb5
a6 14.Nxd4 exd4 15.Bd2 Bb7 16.a5 $14 {0-1 Bivshev,V-Ilivitsky,G/URS-ch21 
Kiev 1954 (37)} ) ( 12.Qd2 Bb7 ( 12...d6 13.Ne2 Ne6 14.Rad1 Bb7 15.Bb1 Qh4
16.f3 $14 {Clara,H-Pirrot,D/BL 1991/0-1 (53)} ) 13.Rad1 ( 13.Bh6 $6 Bxh6 (
13...d6 14.Bxg7 Kxg7 15.f4 exf4 ( 15...f6 $11 ) 16.Rxf4 Ne6 $11 {1-0 
Britton,R-Wells,P/Oviedo 1993 (28)} ) 14.Qxh6 d6 $11 ) 13...Ne6 ( 13...a6 
14.f3 Bc6 15.Bb1 b5 16.cxb5 axb5 17.a3 Qb6 18.Ne2 Nxe2+ 19.Qxe2 Qb7 20.Bc5
$14 {E-E Fogarasi Tibor-Afek Yochanan/It (cat.9), Budapest (Hungary) 1996 
(25)} ) 14.Bb1 Bc6 15.b4 Rc8 16.a3 Rc7 17.Ba2 $14 {E-E 
Smyslov,V-Bagirov,V/URS-ch27 Leningrad 1960 (36)} ) ( 12.Ne2 Bb7 ( 12...
Ne6 13.b4 ( 13.Qd2 Bb7 14.f3 f5 15.b4 Rc8 16.Rac1 Qe7 17.Rfd1 $14 {E-E 
Riegler,P-Quinn,M/WchJM-U20 Halle 1995 (48)} ) 13...f5 14.f3 f4 15.Bf2 g5 
16.c5 $14 {E-E Volovich,A-Zaitsev,A/Moskva m 1962 (43)} ) 13.Nxd4 ( 13.Qd2
f5 14.Bxd4 exd4 15.exf5 gxf5 16.f4 Kh8 17.Ng3 d5 18.Rae1 dxc4 19.Bxc4 Rc8 
20.Be6 Rc5 21.b4 Rc3 22.Nxf5 $14 {E-E Illner,A-Wesseln,K/BL 1993 (33)} ) 
13...exd4 14.Bf4 Qe7 ( 14...Re8 15.Re1 Re6 16.Qd2 Qe7 17.f3 Re8 18.Bg3 $14
{Stanec,N-Plachetka,J/Oest.Liga Merkur Graz-Austria Wien 1996/1-0 (56)} ( 
18.Rad1 $14 ) ( 18.Red1 $14 ) ) 15.Qd2 Rfe8 16.Rfe1 Rac8 17.Rad1 Rc5 18.b3
$14 {Dudakov,S-Afek,Y/ISR-ch 1986/E-E (55)} ) ( 12.f4 d6 13.f5 Re8 14.Qd2 
Qh4 15.Nd5 Rb8 16.Bg5 $16 {1-0 Somlai,L-Donka,P/HUN-chT 1993 (28)} ) ( 12.
f3 Bb7 13.Qd2 Rc8 14.b3 f5 15.exf5 gxf5 16.Bxd4 exd4 17.Nb5 $16 {1-0 
Computer-Muenninghoff,A/AEGON 1995 (57)} ) ( 12.Nd5 Bb7 13.f4 exf4 14.Bxf4
d6 15.Qd2 Ne6 ( 15...Bxd5 16.exd5 Be5 17.Rae1 Qc7 18.Be3 $14 ( 18.Bxe5 
dxe5 19.Rf6 Rad8 20.Qg5 $14 ( 20.Qf2 Rfe8 21.Rf1 Re7 22.Qh4 $14 ( 22.h4 
Rd6 $11 {1-0 De Vreugt,D-Afek,Y/Dutch Open, Dieren NED 1997 (39)} ) ) ) ) 
16.Bh6 Bxh6 17.Qxh6 f6 $11 ( 17...Bxd5 $5 18.exd5 Nc5 19.Rf3 ( 19.Bc2 Nd7 
20.Rae1 Ne5 $15 ) 19...f5 20.Re1 Qf6 $15 {Bivshev,V-Simagin,V/Moskva ch-SU
1952/0-1 (69)} ) ) 12...Bb7 13.Qd2 ( 13.Bb1 f5 14.exf5 Qh4 15.Re1 ( 15.
fxg6 Bf3 16.gxh7+ Kh8 17.Qd3 Bxg2 ( 17...e4 18.Nxe4 Ne2+ 19.Kh1 Be5 20.Ng3
$18 {1-0 Bremond,E-Ferrigno,J/Cannes op 1989 (24)} ) 18.Bxd4 Bxf1 19.Rxf1 
exd4 20.Nd5 b5 $1 $132 ) 15...gxf5 16.Bxd4 exd4 17.Nd5 $14 ) 13...Rc8 14.
Nd5 $14 ( 14.b3 $14 ) 14...Kh8 15.f4 ( 15.b4 $14 ) 15...exf4 ( 15...d6 16.
f5 $14 ( 16.b4 $14 ) ( 16.Bxd4 exd4 17.b4 Re8 $11 ) ) 16.Bxf4 d6 17.Bg5 f6
( 17...Qd7 18.Bf6 $14 ) 18.Be3 Nc6 ( 18...Ne6 19.b4 $14 ) 19.Nf4 ( 19.b3 
Ne5 20.Be2 Re8 21.Rcd1 Re6 22.Nf4 Re7 23.Qxd6 Rd7 24.Qb4 Bxe4 25.Ne6 $14 )
19...Qd7 20.Bb1 Rfe8 21.Nd5 ( 21.c5 $5 Ne5 22.Qxd6 Qb5 23.Qd4 ( 23.cxb6 
Nc4 24.Rxc4 Qxc4 25.bxa7 Bxe4 $132 ) 23...bxc5 24.Rxc5 Rxc5 25.Qxc5 Qxb2 
26.Qxa7 Nc4 27.Bd4 $14 ) ( 21.b3 Ne5 22.Nd5 Qe6 $11 ) 21...Re6 $6 ( 21...
Qe6 $132 ) 22.Rcd1 Rd8 23.b3 Qc8 24.Rf4 Rde8 25.Rh4 $6 ( 25.Rdf1 $14 ) 
25...Kg8 $132 ( 25...Ne5 26.Rf1 Qd8 $11 ) 26.Qf2 Ne5 27.Nf4 $2 $17 ( 27.
Bd4 $132 ) 27...R6e7 28.Nd5 ( 28.Rh3 Ng4 29.Qh4 Bh6 30.Nd5 Bxd5 31.Bxh6 
Bxe4 $19 ) 28...Bxd5 29.cxd5 ( 29.exd5 Ng4 $19 ) 29...Ng4 30.Qg3 Nxe3 31.
Qxe3 f5 32.Qh3 ( 32.Rf1 Be5 33.Qf2 g5 34.Rh3 fxe4 35.Qe2 ( 35.Bxe4 Bf4 $19
) 35...Qc5+ ( 35...Bd4+ 36.Kh1 Rf8 37.Re1 Qf5 $19 ) 36.Kh1 Bf4 37.g3 Be3 
$17 ( 37...Bc1 38.Rh6 Be3 $17 ) ) 32...Bf6 ( 32...g5 33.Rh5 h6 34.Rxh6 
Bxh6 35.Qxh6 Qc5+ 36.Kh1 Rg7 $17 ) ( 32...Qc5+ 33.Kh1 Bf6 34.Rf4 Bg5 35.
Rff1 fxe4 $19 ) 33.Rf4 Bg5 34.Rff1 fxe4 $19 35.Qg3 e3 ( 35...Qc5+ 36.Kh1 
Bh6 $19 ) 36.Bf5 $1 Qc5 ( 36...Qd8 37.Qxg5 e2 38.Be6+ ( 38.Rc1 exf1=R+ 39.
Rxf1 Re1 40.Be6+ Kh8 41.Qf4 Rxf1+ 42.Qxf1 Rf8 $19 ) 38...Kh8 ( 38...Rxe6 
39.Qxd8 Rxd8 40.dxe6 exd1=Q 41.Rxd1 Kf8 42.Rf1+ Ke7 43.Rf7+ Kxe6 44.Rxa7 
Rc8 $11 ( 44...Rd7 45.Rxd7 Kxd7 46.Kf2 Kc6 47.Ke3 Kc5 48.a3 d5 49.Kd3 $16 
) ) 39.Qf6+ Rg7 40.Qxg7+ Kxg7 41.Rf7+ Kh6 42.Re1 Rf8 43.Rxf8 Qxf8 44.Rxe2 
Qf4 $19 ) 37.b4 $8 Qxb4 38.Qxg5 ( 38.Be6+ Rxe6 ( 38...Kg7 39.Qxg5 e2 40.
Qf6+ Kh6 41.Rd4 exf1=Q+ 42.Kxf1 Qb1+ 43.Kf2 Qxa2+ 44.Kg3 Qb3+ 45.Kf2 Qc2+ 
46.Kg3 Qc3+ 47.Kf2 $11 ) 39.dxe6 e2 40.Qxg5 exf1=Q+ 41.Rxf1 Qd4+ 42.Kh1 
Qe5 $19 ) 38...e2 39.Be6+ Rxe6 40.dxe6 exd1=Q 41.Rxd1 Qc5+ $5 $19 ( 41...
Qe4 $19 ) 42.Qxc5 dxc5 43.Rd7 Rxe6 44.Rxa7 Rf6 ( 44...Rc6 45.Kf2 c4 46.Ke2
c3 47.Kd1 c2+ 48.Kc1 $11 ) 45.Rc7 h5 46.a4 Kf8 47.a5 ( 47.Ra7 Ke8 48.a5 ( 
48.h4 Kd8 49.Kh2 c4 $19 ) 48...bxa5 ( 48...b5 $2 49.Rb7 b4 50.Rc7 b3 51.
Rxc5 Rf5 52.Rc8+ ( 52.Rc3 Rb5 $19 ) 52...Ke7 53.Rb8 $11 ) 49.Rxa5 Rf5 $1 
50.h3 ( 50.Ra6 g5 51.Ra7 Kd8 $19 ) 50...Kd7 51.g4 Re5 52.Kf2 hxg4 53.hxg4 
g5 $19 ) 47...bxa5 48.Rxc5 Ra6 49.Kf2 ( 49.Rc3 a4 50.Ra3 Ke7 51.Kf2 Kd6 
52.Ke3 Kc5 53.Kd3 Kb4 $19 ) 49...a4 50.Rc2 a3 51.Ra2 Ke7 52.Ke3 Ke6 53.Kd4
Kf5 54.Ke3 g5 55.Kf3 Ke5 56.Ke3 Kd5 57.Kd3 Ra8 58.Kc3 Ke4 59.Kb3 Kd3 60.
Kb4 Ra7 ( 60...Rb8+ 61.Kc5 ( 61.Ka4 Kc3 $19 ) 61...Rb3 $19 ) 61.Kb3 Rb7+ 
62.Ka4 Kc3 63.Rxa3+ Kc4 0-1